Brajabhāshā Kr̥shṇa -- bhakti kāvya. (Record no. 81189)

MARC details
000 -LEADER
fixed length control field 00753cam a22002651 4500
001 - CONTROL NUMBER
control field sa 68006228
003 - CONTROL NUMBER IDENTIFIER
control field DLC
005 - DATE AND TIME OF LATEST TRANSACTION
control field 20260227112514.0
008 - FIXED-LENGTH DATA ELEMENTS--GENERAL INFORMATION
fixed length control field 890420s1968 ii b 000 0 hino
010 ## - LIBRARY OF CONGRESS CONTROL NUMBER
LC control number sa 68006228
035 ## - SYSTEM CONTROL NUMBER
System control number (OCoLC)19575630
040 ## - CATALOGING SOURCE
Original cataloging agency DLC
Transcribing agency WaU
Modifying agency DLC
042 ## - AUTHENTICATION CODE
Authentication code premarc
043 ## - GEOGRAPHIC AREA CODE
Geographic area code a-ii---
050 00 - LIBRARY OF CONGRESS CALL NUMBER
Classification number PK1967.2
Item number .G8
100 1# - MAIN ENTRY--PERSONAL NAME
Personal name Gupta, Jagadīśa,
Dates associated with a name 1924-2001.
245 10 - TITLE STATEMENT
Title Brajabhāshā Kr̥shṇa -- bhakti kāvya.
260 ## - PUBLICATION, DISTRIBUTION, ETC.
Date of publication, distribution, etc. [1968]
300 ## - PHYSICAL DESCRIPTION
Extent 325, [1] p.
Dimensions 22 cm.
500 ## - GENERAL NOTE
General note In Hindi; some quotations in Braj.
504 ## - BIBLIOGRAPHY, ETC. NOTE
Bibliography, etc. note Bibliography: p. 320-[326]
650 #0 - SUBJECT ADDED ENTRY--TOPICAL TERM
Topical term or geographic name entry element Braj poetry
General subdivision History and criticism.
650 #0 - SUBJECT ADDED ENTRY--TOPICAL TERM
Topical term or geographic name entry element Krishna (Hindu deity) in literature.
740 0# - ADDED ENTRY--UNCONTROLLED RELATED/ANALYTICAL TITLE
Uncontrolled related/analytical title Kr̥shṇa-bhakti kāvya.

No items available.

Powered by Koha